| 000 | 00843nam a2200229 i 4500 | ||
|---|---|---|---|
| 001 | 141775 | ||
| 003 | ES-MaACL | ||
| 005 | 20230906200351.0 | ||
| 007 | t| | ||
| 008 | 070927s1966 sp ||||1| spa d | ||
| 080 | _a929 Falla, Manuel de | ||
| 100 | 1 |
_aViniegra y Lasso de la Vega, Juan J. _9115332 |
|
| 245 | 1 | 0 |
_aVida íntima de Manuel de Falla y Matheu / _cJuan J. Viniegra y Lasso de la Vega ; colaboración de Carmen y Carlos Martel Viniegra. |
| 260 |
_aCádiz : _bDiputación Provincial, _c1966 ( _fImp. La Voz) |
||
| 300 |
_a273 p. : _bil. ; _c25 cm. |
||
| 600 | 1 | 4 |
_aFalla, Manuel de, _d1876-1946 _948756 |
| 700 | 1 |
_aMartel Viniegra, Carlos. _977160 |
|
| 700 | 1 |
_aMartel Viniegra, Carmen. _977161 |
|
| 710 | 1 |
_aCádiz (Provincia). _bDiputación Provincial. _92268 |
|
| 852 | 4 |
_aES-MaACL _jC-30824 |
|
| 999 |
_c141775 _d141775 |
||